[Event "BEL-ch op"]
[Site "Antwerp"]
[Date "2011.07.07"]
[Round "6.19"]
[White "De Reymaeker, Walter"]
[Black "Lagaert, Lisa"]
[Result "1-0"]
[WhiteElo "1991"]
[BlackElo "1870"]
[PlyCount "67"]
[EventDate "2011.07.02"]
[EventType "swiss"]
[EventRounds "9"]
[EventCountry "BEL"]
[SourceTitle "CBM 143 Extra"]
[Source "ChessBase"]
[SourceDate "2011.08.29"]
[SourceVersion "1"]
[SourceVersionDate "2011.08.29"]
[SourceQuality "1"]

1. e4 e6 2. Qe2 Be7 3. Nf3 d5 4. e5 c5 5. g3 Nc6 6. Bg2 f6 7. d3 fxe5 8. Nxe5 Nxe5 9. Qxe5 Nf6 10. 0-0 0-0 11. Nc3 Bd6 12. Qe2 Qb6 13. a4 Bd7 14. a5 Qc6 15. Bg5 Rae8 16. Rae1 Bc7 17. Ra1 Qa6 18. Bd2 Qc6 19. Na4 b5 20. axb6 axb6 21. c4 b5 22. Nc3 bxc4 23. dxc4 Qb7 24. Bg5 Bc6 25. Bxf6 gxf6 26. Nb5 Bxb5 27. cxb5 Be5 28. Ra4 Qd7 29. Rfa1 Rb8 30. Bh3 Rfe8 31. Qh5 Qf7 32. Rg4+ Kf8 33. Qh6+ Ke7 34. Rg7 1-0

[Event "BEL-ch op"]
[Site "Antwerp"]
[Date "2011.07.04"]
[Round "3.4"]
[White "Draftian, Ashote"]
[Black "De Reymaeker, Walter"]
[Result "1-0"]
[WhiteElo "2290"]
[BlackElo "1991"]
[PlyCount "82"]
[EventDate "2011.07.02"]
[EventType "swiss"]
[EventRounds "9"]
[EventCountry "BEL"]
[SourceTitle "CBM 143 Extra"]
[Source "ChessBase"]
[SourceDate "2011.08.29"]
[SourceVersion "1"]
[SourceVersionDate "2011.08.29"]
[SourceQuality "1"]

1. e4 c5 2. Nf3 g6 3. d4 Bg7 4. d5 Nf6 5. Nc3 d6 6. h3 0-0 7. a4 Na6 8. Be2 Nc7 9. Bf4 a6 10. 0-0 Bd7 11. e5 dxe5 12. Nxe5 Bf5 13. Bf3 Nfe8 14. g4 g5 15. Bg3 Bg6 16. Bg2 Nd6 17. Qe2 Rc8 18. Rad1 Nce8 19. Rfe1 Bf6 20. f4 gxf4 21. Bxf4 Bh4 22. Rf1 Bf6 23. Bg3 h6 24. h4 Bh7 25. g5 Bxe5 26. Bxe5 f6 27. Bh3 hxg5 28. hxg5 Kh8 29. gxf6 exf6 30. Bxc8 Qxc8 31. Bxd6 Nxd6 32. Qe6 Qd8 33. Rd2 Rg8+ 34. Rg2 Rxg2+ 35. Kxg2 Ne8 36. Qf7 Nd6 37. Qxf6+ Qxf6 38. Rxf6 Nc4 39. d6 Ne5 40. Re6 Nc6 41. d7 Bf5 1-0

[Event "Maastricht Limburg op-A 4th"]
[Site "Maastricht"]
[Date "2010.05.24"]
[Round "7"]
[White "Samraoui, Mekki"]
[Black "De Reymaeker, Walter"]
[Result "0-1"]
[WhiteElo "2126"]
[BlackElo "2028"]
[PlyCount "77"]
[EventDate "2010.05.21"]
[EventType "swiss"]
[EventRounds "7"]
[EventCountry "NED"]
[SourceTitle "CBM 136 Extra"]
[Source "ChessBase"]
[SourceDate "2010.07.02"]
[SourceVersion "2"]
[SourceVersionDate "2010.07.15"]
[SourceQuality "1"]

1. f4 g6 2. e4 Bg7 3. d4 e6 4. Nf3 Ne7 5. Be2 d6 6. 0-0 Nd7 7. c3 b6 8. Be3 Bb7 9. Nbd2 Nf6 10. e5 Ng4 11. Bf2 Nxf2 12. Rxf2 0-0 13. Bd3 Nd5 14. Ng5 dxe5 15. Nxh7 Nxf4 16. Rxf4 exf4 17. Nxf8 Bxf8 18. Be4 Bxe4 19. Nxe4 f5 20. Nf2 Qd6 21. Qf3 Rd8 22. Nd3 c5 23. Qxf4 cxd4 24. Qxd4 Qxd4+ 25. cxd4 Rxd4 26. Rd1 e5 27. Nf2 Bc5 28. Kf1 Rf4 29. Rd2 e4 30. g3 Rxf2+ 31. Rxf2 Bxf2 32. Kxf2 Kf7 33. Ke3 Kf6 34. h4 Ke5 35. b4 b5 36. Ke2 Kd4 37. a3 a6 38. Kd2 e3+ 39. Ke2 0-1

[Event "BEL-ch op"]
[Site "Namur"]
[Date "2009.07.08"]
[Round "5"]
[White "De Reymaeker, Walter"]
[Black "Maddens, Martijn"]
[Result "1/2-1/2"]
[WhiteElo "2200"]
[BlackElo "1965"]
[PlyCount "132"]
[EventDate "2009.07.04"]
[EventType "swiss"]
[EventRounds "9"]
[EventCountry "BEL"]
[SourceTitle "EXT 2010"]
[Source "ChessBase"]
[SourceDate "2010.11.25"]
[SourceVersion "1"]
[SourceVersionDate "2010.11.25"]
[SourceQuality "1"]

1. e4 Nf6 2. e5 Nd5 3. d4 d6 4. c4 Nb6 5. exd6 exd6 6. Bd3 Nc6 7. Be3 Be7 8. Nd2 0-0 9. h3 d5 10. Ngf3 Nb4 11. Bb1 dxc4 12. 0-0 Bf6 13. a3 N4d5 14. Nxc4 Nxc4 15. Qd3 g6 16. Qxc4 c6 17. Bh6 Bg7 18. Qc1 Be6 19. Re1 Qb6 20. Be4 Rfe8 21. b4 Nf6 22. Bxg7 Kxg7 23. Qc5 Bd5 24. Bxd5 Nxd5 25. Ne5 Re7 26. Nc4 Qc7 27. b5 cxb5 28. Rxe7 Qxe7 29. Qxd5 bxc4 30. Qxc4 Rd8 31. a4 Qd7 32. Rd1 Qd5 33. Qxd5 Rxd5 34. f3 Kf6 35. Kf2 Ke6 36. Ke3 Ra5 37. Rb1 b6 38. Rb4 Kd5 39. g4 Ke6 40. f4 Rd5 41. Rb5 f5 42. g5 Kd6 43. Kd3 Kc6 44. Kc4 Rd7 45. Re5 Kd6 46. a5 Rc7+ 47. Kd3 Rc1 48. axb6 axb6 49. Rb5 Kc6 50. Rb4 Rh1 51. Kc4 b5+ 52. Kd3 Rxh3+ 53. Ke2 Ra3 54. Rb1 Ra4 55. Ke3 b4 56. Rc1+ Kd6 57. Kd3 Ra7 58. Rc5 Rb7 59. Kc4 b3 60. Rd5+ Ke7 61. Re5+ Kf7 62. Re1 b2 63. Rb1 Ke7 64. Kd5 Kd7 65. Kc5 Rc7+ 66. Kd5 Rc2 1/2-1/2

[Event "Charleroi TIPC op"]
[Site "Charleroi"]
[Date "2008.07.29"]
[Round "5"]
[White "De Reymaeker, Walter"]
[Black "Chevry, Philippe"]
[Result "0-1"]
[WhiteElo "2028"]
[BlackElo "1894"]
[PlyCount "66"]
[EventDate "2008.07.26"]
[EventType "swiss"]
[EventRounds "9"]
[EventCountry "BEL"]
[SourceTitle "EXT 2009"]
[Source "ChessBase"]
[SourceDate "2008.11.26"]
[SourceVersion "1"]
[SourceVersionDate "2008.11.26"]
[SourceQuality "1"]

1. e4 c5 2. Nc3 g6 3. f4 e5 4. fxe5 Nc6 5. Nf3 Bg7 6. d3 Nxe5 7. Be2 Ne7 8. Nxe5 Bxe5 9. Bh6 d5 10. 0-0 d4 11. Nd5 Nxd5 12. exd5 Qh4 13. g3 Qxh6 14. c4 0-0 15. Bf3 Qe3+ 16. Kg2 Qg5 17. Rf2 h5 18. Qd2 Qxd2 19. Rxd2 Re8 20. Be4 Bd7 21. Rf1 Rab8 22. b3 a5 23. a4 Bg7 24. h3 f5 25. Bf3 Re3 26. Rfd1 Rf8 27. Rf2 Rf6 28. Rb2 f4 29. g4 Rb6 30. gxh5 gxh5 31. Kf2 Bxh3 32. Be4 Bg4 33. Rh1 f3 0-1

[Event "Maastricht Limburg op"]
[Site "Maastricht"]
[Date "2008.05.12"]
[Round "7"]
[White "Memarian, Milad"]
[Black "De Reymaeker, Walter"]
[Result "1-0"]
[WhiteElo "2018"]
[BlackElo "2053"]
[PlyCount "65"]
[EventDate "2008.05.09"]
[EventType "swiss"]
[EventRounds "7"]
[EventCountry "NED"]
[SourceTitle "EXT 2009"]
[Source "ChessBase"]
[SourceDate "2008.11.26"]
[SourceVersion "1"]
[SourceVersionDate "2008.11.26"]
[SourceQuality "1"]

1. d4 Nf6 2. c4 c5 3. Nf3 cxd4 4. Nxd4 g6 5. Nc3 Nc6 6. e4 d6 7. Be2 Nxd4 8. Qxd4 Bg7 9. Be3 0-0 10. Qd1 Bd7 11. 0-0 Bc6 12. f3 a5 13. Kh1 a4 14. Qd2 Nd7 15. b4 axb3 16. axb3 Qc7 17. b4 b6 18. Bd4 Nf6 19. Qe3 Nd7 20. Bxg7 Kxg7 21. Rfc1 Kg8 22. Qd4 Rxa1 23. Rxa1 e5 24. Qd2 f5 25. exf5 Nf6 26. fxg6 e4 27. gxh7+ Kh8 28. fxe4 Qg7 29. Rf1 Kxh7 30. Qxd6 Rg8 31. Bf3 Be8 32. Nd5 Nh5 33. g4 1-0